Nemocenské a zdravotné poistenie - zabezpečenie v chorobe

Systém nemocenského poistenia v SR. Novodefinované sociálne poistenie, ako poistenie nielen pre prípad straty alebo zníženia príjmu zo zárobkovej činnosti z dôvodu vzniku sociálnej udalosti, ale aj ako poistenie na zabezpečenie príjmu z dôvodu vzniku sociálnej udalosti bez výkonu zárobkovej činnosti...

Descripción completa

Guardado en:
Detalles Bibliográficos
Autor principal: Pechová, Michaela, 1977-
Otros Autores: Wolfová, Darina
Formato: Capítulo de libro
Lenguaje:eslovaco
Materias:
Etiquetas: Agregar Etiqueta
Sin Etiquetas, Sea el primero en etiquetar este registro!

MARC

LEADER 00000naa$a2200000$$$4500
001 0028158
005 20240502071430.0
041 0 |a slo 
044 |a SK 
245 1 0 |a Nemocenské a zdravotné poistenie - zabezpečenie v chorobe  |c Michaela Pechová, Darina Wolfová 
520 |a Systém nemocenského poistenia v SR. Novodefinované sociálne poistenie, ako poistenie nielen pre prípad straty alebo zníženia príjmu zo zárobkovej činnosti z dôvodu vzniku sociálnej udalosti, ale aj ako poistenie na zabezpečenie príjmu z dôvodu vzniku sociálnej udalosti bez výkonu zárobkovej činnosti a na uspokojenie nárokov zamestnancov z pracovného pomeru z dôvodu insolventnosti ich zamestnávateľa. Jednotlivé dávky poskytované z nemocenského poistenia. Zdravotné poistenie. Solidarita v poistení. Zákon o zdravotných poisťovniach a Úrad pre dohľad nad zdravotnou starostlivosťou. 
610 2 0 |a poistenie nemocenské 
610 2 0 |a poistenie zdravotné 
610 2 0 |a poistenie sociálne 
610 2 0 |a dávky poistenia nemocenského 
610 2 0 |a Slovensko 
610 2 0 |a poistenie zdravotné 
100 1 |a Pechová, Michaela, 1977- 
700 1 |a Wolfová, Darina